The Beatles Most Streamed - Statistics

General Stats
  • This quiz has been taken 404 times
  • The average score is 19 of 40
Answer Stats
Answer Streams % Correct
Hey Jude 601 million
91%
Here Comes The Sun 1.3 billion
87%
Let it Be 710 million
83%
Yesterday 673 million
78%
Come Together 758 million
77%
Help 330 million
71%
Something 337 million
69%
Yellow Submarine 149 million
69%
Twist and Shout 517 million
67%
Strawberry Fields Forever 212 million
64%
Blackbird 483 million
58%
Eleanor Rigby 283 million
58%
I Want to Hold Your Hand 432 million
55%
A Hard Day's Night 225 million
54%
While My Guitar Gently Weeps 275 million
53%
In My Life 422 million
51%
Love Me Do 238 million
50%
Penny Lane 160 million
50%
A Day in The Life 132 million
47%
Get Back 192 million
47%
She Loves You 169 million
46%
All You Need is Love 203 million
42%
And I Love Her 210 million
40%
Lucy in The Sky With Diamonds 186 million
40%
Norwegian Wood (This bird Has Flown) 217 million
39%
Michelle 149 million
38%
All My Loving 183 million
37%
Don't Let Me Down 171 million
34%
Back in the USSR 134 million
33%
Ticket to Ride 163 million
33%
I Saw Her Standing There 184 million
32%
Ob la Di Ob la Da 268 million
31%
Across The Universe 142 million
29%
Can't Buy Me Love 167 million
28%
Day Tripper 179 million
28%
Eight Days a Week 152 million
27%
With a Little Help From My Friends 139 million
25%
Hello Goodbye 148 million
23%
Oh Darling 149 million
23%
You've Got to Hide Your Love Away 135 million
5%
No matching quizzes found
Score Distribution
Percent of People with Each Score
Percentile by Number Answered
Your Score History
You have not taken this quiz